Tour de France 2025 :Maillots distinctifs après chaque étape - Statistiques

Statistiques générales
  • Ce quiz a été pris 69 fois
  • Le résultat moyen est 67 sur 84
Statistiques - réponses
Étape Coureur Maillots % Correct
Tadej Pogacar Maillot à pois
100%
5 Tadej Pogacar Maillot jaune
100%
Tadej Pogacar Maillot vert
100%
Tadej Pogacar Maillot à pois
100%
7 Tadej Pogacar Maillot jaune
100%
Tadej Pogacar Maillot vert
100%
8 Tadej Pogacar Maillot jaune
100%
9 Tadej Pogacar Maillot jaune
100%
12 Tadej Pogacar Maillot jaune
100%
Tadej Pogacar Maillot à pois
100%
13 Tadej Pogacar Maillot jaune
100%
Tadej Pogacar Maillot à pois
100%
14 Tadej Pogacar Maillot jaune
100%
15 Tadej Pogacar Maillot jaune
100%
16 Tadej Pogacar Maillot jaune
100%
Tadej Pogacar Maillot à pois
100%
17 Tadej Pogacar Maillot jaune
100%
Tadej Pogacar Maillot à pois
100%
18 Tadej Pogacar Maillot jaune
100%
Tadej Pogacar Maillot à pois
100%
19 Tadej Pogacar Maillot jaune
100%
Tadej Pogacar Maillot à pois
100%
20 Tadej Pogacar Maillot jaune
100%
Tadej Pogacar Maillot à pois
100%
21 Tadej Pogacar Maillot jaune
100%
Tadej Pogacar Maillot à pois
100%
Jonathan Milan Maillot vert
88%
Jonathan Milan Maillot vert
88%
Jonathan Milan Maillot vert
88%
Jonathan Milan Maillot vert
88%
Jonathan Milan Maillot vert
88%
Jonathan Milan Maillot vert
88%
Jonathan Milan Maillot vert
88%
Jonathan Milan Maillot vert
88%
Jonathan Milan Maillot vert
88%
Jonathan Milan Maillot vert
88%
Jonathan Milan Maillot vert
88%
Jonathan Milan Maillot vert
88%
Jonathan Milan Maillot vert
88%
Jonathan Milan Maillot vert
88%
Jonathan Milan Maillot vert
88%
Jonathan Milan Maillot vert
88%
Jonathan Milan Maillot vert
88%
1 Jasper Philipsen Maillot jaune
84%
Jasper Philipsen Maillot vert
84%
Jasper Philipsen Maillot vert
84%
Florian Lipowitz Maillot blanc
79%
Florian Lipowitz Maillot blanc
79%
Florian Lipowitz Maillot blanc
79%
Florian Lipowitz Maillot blanc
79%
Florian Lipowitz Maillot blanc
79%
Florian Lipowitz Maillot blanc
79%
Florian Lipowitz Maillot blanc
79%
Florian Lipowitz Maillot blanc
79%
Remco Evenepoel Maillot blanc
79%
Remco Evenepoel Maillot blanc
79%
Remco Evenepoel Maillot blanc
79%
Remco Evenepoel Maillot blanc
79%
Remco Evenepoel Maillot blanc
79%
Remco Evenepoel Maillot blanc
79%
Remco Evenepoel Maillot blanc
79%
2 Matthieu Van der poel Maillot jaune
70%
3 Matthieu Van der poel Maillot jaune
70%
4 Matthieu Van der poel Maillot jaune
70%
6 Matthieu Van der poel Maillot jaune
70%
10 Ben Healy Maillot jaune
64%
Ben Healy Maillot blanc
64%
11 Ben Healy Maillot jaune
64%
Ben Healy Maillot blanc
64%
Lenny Martinez Maillot à pois
63%
Lenny Martinez Maillot à pois
63%
Lenny Martinez Maillot à pois
63%
Lenny Martinez Maillot à pois
63%
Kevin Vauquelin Maillot blanc
59%
Kevin Vauquelin Maillot blanc
59%
Kevin Vauquelin Maillot blanc
59%
Biniam Girmay Maillot blanc
50%
Benjamin Thomas Maillot à pois
34%
Tim Wellens Maillot à pois
29%
Tim Wellens Maillot à pois
29%
Tim Wellens Maillot à pois
29%
Tim Wellens Maillot à pois
29%
Tim Wellens Maillot à pois
29%
Tim Wellens Maillot à pois
29%
Aucun quiz correspondant
Distribution des résultats
% des personnes avec chaque résultat
Percentile par nombre de réponses
Votre historique - résultats
Vous n’avez pas pris ce quiz